The Christmas book. (Запис № 480844)

МАРК-запис
000 -LEADER
fixed length control field 01052cas a2200265I 4500
001 - CONTROL NUMBER
control field christmasbook1975chic
003 - CONTROL NUMBER IDENTIFIER
control field CaSfIA
005 - DATE AND TIME OF LATEST TRANSACTION
control field 20210117224000.0
007 - PHYSICAL DESCRIPTION FIXED FIELD--GENERAL INFORMATION
fixed length control field cr||||
008 - FIXED-LENGTH DATA ELEMENTS--GENERAL INFORMATION
fixed length control field 751205u19uuuuuuiluar 0 a0eng d
040 ## - CATALOGING SOURCE
Original cataloging agency KSU
Transcribing agency KSU
Modifying agency UCU
-- OCL
-- WPG
-- CaSfIA
035 ## - SYSTEM CONTROL NUMBER
System control number (OCoLC)1877130
050 14 - LIBRARY OF CONGRESS CALL NUMBER
Classification number PN6071.C6
Item number C49
082 #4 - DEWEY DECIMAL CLASSIFICATION NUMBER
Classification number 394
245 04 - TITLE STATEMENT
Title The Christmas book.
Medium [electronic resource]
246 03 - VARYING FORM OF TITLE
Title proper/short title Cuneo Christmas book.
Date or sequential designation Vols. for 19 -
260 ## - PUBLICATION, DISTRIBUTION, ETC. (IMPRINT)
Place of publication, distribution, etc Chicago,
Name of publisher, distributor, etc The Cuneo Press.
300 ## - PHYSICAL DESCRIPTION
Extent v.
Other physical details ill.
Dimensions 24 cm.
506 ## - RESTRICTIONS ON ACCESS NOTE
Standardized terminology for access restriction Необхідна авторизація на https://archive.org/ (створення облікового запису безкоштовно)
506 ## - RESTRICTIONS ON ACCESS NOTE
Standardized terminology for access restriction Необхідна авторизація на https://openlibrary.org/ (створення облікового запису безкоштовно)
650 #0 - SUBJECT ADDED ENTRY--TOPICAL TERM
Topical term or geographic name as entry element Christmas stories.
650 #0 - SUBJECT ADDED ENTRY--TOPICAL TERM
Topical term or geographic name as entry element Short stories.
856 41 - ELECTRONIC LOCATION AND ACCESS
Uniform Resource Identifier <a href="http://www.archive.org/details/christmasbook1975chic">http://www.archive.org/details/christmasbook1975chic</a>
Public note Free eBook from the Internet Archive
942 ## - ADDED ENTRY ELEMENTS (KOHA)
Koha item type ЕКнига

Немає доступних примірників.